Constitución política del estado de Jalisco : con sus adiciones y reformas hasta la fecha /

Guardat en:
Dades bibliogràfiques
Autor corporatiu: Jalisco
Format: Llibre
Idioma:espanyol
Matèries:
Etiquetes: Afegir etiqueta
Sense etiquetes, Sigues el primer a etiquetar aquest registre!

MARC

LEADER 00000nam^a2200000^a^4500
001 000122231
005 20250521000000.0
009 20260310094455.854
037 |a Acervo ITESO - Biblioteca 
041 |a ESP 
082 |a 342. 7235  |b JAL 
110 |a Jalisco 
240 1 1 |a [Constitución Política del Estado de Jalisco] 
245 1 0 |a Constitución política del estado de Jalisco :  |b con sus adiciones y reformas hasta la fecha /  |c Jalisco. 
264 |a Guadalajara, México :  |b Gobierno del Estado de Jalisco,  |c 1926 
300 |a 37 p. 
336 |a texto  |b txt  |2 rdacontenido 
337 |a sin mediación  |b n  |2 rdamedio 
338 |a volumen  |b nc  |2 rdasoporte 
649 |a XX 
650 |a Constitución -  |z Jalisco -  |x Tema Principal 
650 |a Constituciones Estatales -  |z México 
650 |a Derecho Constitucional -  |z Jalisco 
650 |a Derecho Constitucional -  |z México 
650 |a Derecho Público -  |z Jalisco 
650 |a Derecho Público -  |z México 
650 |a Jalisco -  |x Leyes y Reglamentos 
650 |a México -  |x Leyes y Reglamentos 
910 |a Fondo Salvador Reynoso Reynoso 
920 |a Impresos - Libros 
930 |a Fondos Especiales 
905 |a 112 
901 |a 0800006104  |b IT2  |c ESP  |u 20250521 
902 |a https://opac.biblio.iteso.mx/vufind/Record/000122231